000 00268nam a22001097a 4500
008 160511b xxu||||| |||| 00| 0 eng d
020 _a0801312353
041 _aeng
080 _a316.77
245 _aWriting for mass communication:
_cEarl R. Hutchison;
942 _2udc
_cBK
999 _c2033
_d2033